[Event "Sardinia World op-A"]
[Site "Orosei ITA"]
[Date "2024.04.29"]
[Round "3.36"]
[White "Atanasov, Anthony"]
[Black "Lacan Rus, David"]
[Result "1-0"]
[WhiteElo "2407"]
[BlackElo "2214"]
[PlyCount "93"]
[EventDate "2024.04.27"]
[EventType "swiss"]
[EventRounds "9"]
[EventCountry "ITA"]
[Source "ChessMix "]
[SourceDate "2024.05.10"]

1. d4 Nf6 2. c4 g6 3. h4 Bg7 4. Nc3 d5 5. h5 Nxh5 6. cxd5 c6 7. e4 cxd5 8. e5
Bf8 9. Nf3 Nc6 10. Qb3 Ng7 11. Bg5 Ne6 12. Nxd5 Bg7 13. Be3 O-O 14. Rd1 Na5 15.
Qb5 b6 16. Nc3 Nc7 17. Qd3 Nd5 18. Qd2 Nxe3 19. Qxe3 Bg4 20. Be2 Rc8 21. Ng5
Bxe2 22. Qxe2 h6 23. Nf3 Nc4 24. O-O Qc7 25. Rc1 Qd7 26. b3 Na5 27. Rfd1 Rfd8
28. d5 Qf5 29. Rd4 Nb7 30. b4 Rc7 31. Qe3 Rdc8 32. Rdd1 Rc4 33. a3 h5 34. Nb5
a6 35. Rxc4 Rxc4 36. Nbd4 Qd7 37. Qe2 Qxd5 38. Nf5 Qe4 39. Nxe7+ Kf8 40. Qd2
Kxe7 41. Qd7+ Kf8 42. Nd2 Qg4 43. Nxc4 Qxc4 44. Qxb7 Bxe5 45. Qxb6 Qf4 46. g3
Qg4 47. Qc5+ 1-0

[Event "Sardinia World op-A"]
[Site "Orosei ITA"]
[Date "2024.04.30"]
[Round "4.30"]
[White "Cina`, Vittorio"]
[Black "Atanasov, Anthony"]
[Result "1/2-1/2"]
[WhiteElo "2165"]
[BlackElo "2407"]
[PlyCount "97"]
[EventDate "2024.04.27"]
[EventType "swiss"]
[EventRounds "9"]
[EventCountry "ITA"]
[Source "ChessMix "]
[SourceDate "2024.05.10"]

1. Nf3 d5 2. g3 c6 3. Bg2 Nf6 4. O-O Bf5 5. d3 h6 6. c4 Nbd7 7. cxd5 cxd5 8.
Nc3 e6 9. Qb3 Nc5 10. Qc2 Rc8 11. Be3 a6 12. Rac1 Ncd7 13. Qb3 b5 14. Nb1 Bd6
15. Rxc8 Qxc8 16. Rc1 Qb7 17. Qc2 Ke7 18. Nd4 Re8 19. Qc6 Qxc6 20. Nxf5+ exf5
21. Rxc6 Nb8 22. Rc2 Kd7 23. Bd4 Be5 24. Bxe5 Rxe5 25. a3 Nc6 26. e3 Re6 27.
Nd2 Ne5 28. Nb3 Rb6 29. Bf1 Kd6 30. Be2 Nc6 31. d4 a5 32. Rc5 a4 33. Nc1 Na7
34. Na2 Ne4 35. Rc2 Rc6 36. Rxc6+ Kxc6 37. Nb4+ Kd6 38. Kf1 Nd2+ 39. Ke1 Nc4
40. Bxc4 bxc4 41. Na6 c3 42. bxc3 Nb5 43. Nc5 Nxc3 44. Kd2 Nb1+ 45. Kd3 Nxa3
46. Nxa4 Nc4 47. f3 Na5 48. Nc3 Ke6 49. Ne2 1/2-1/2

[Event "Sardinia World op-A"]
[Site "Orosei ITA"]
[Date "2024.05.01"]
[Round "6.38"]
[White "Maldonado Gonzales, Stefano"]
[Black "Atanasov, Anthony"]
[Result "0-1"]
[WhiteElo "2218"]
[BlackElo "2407"]
[PlyCount "88"]
[EventDate "2024.04.27"]
[EventType "swiss"]
[EventRounds "9"]
[EventCountry "ITA"]
[Source "ChessMix "]
[SourceDate "2024.05.10"]

1. e4 e5 2. Nf3 Nc6 3. Bc4 Nf6 4. d3 h6 5. Nc3 Bb4 6. O-O Bxc3 7. bxc3 O-O 8.
Re1 Re8 9. d4 d6 10. Qd3 Bg4 11. Bb5 Nd7 12. Bxc6 bxc6 13. Rb1 Nb6 14. Nd2 Be6
15. a3 f6 16. Qg3 Qd7 17. f4 exf4 18. Qxf4 f5 19. Qg3 Kh7 20. e5 Rf8 21. Qd3
Qf7 22. Bb2 Rab8 23. Ba1 Ba2 24. Rbd1 Bd5 25. exd6 cxd6 26. Bb2 Nc4 27. Bc1
Nxd2 28. Qxd2 Be4 29. Qf4 Qd5 30. Rd2 Rf6 31. Qf1 Rb1 32. c4 Qa5 33. Re3 Rg6
34. g3 d5 35. cxd5 cxd5 36. Rf2 Qb6 37. c3 Qb8 38. Re1 Qb7 39. Re3 Qc7 40. Rb2
Rxb2 41. Bxb2 f4 42. Re1 fxg3 43. h4 Rf6 44. Qh3 Qf4 0-1

[Event "Sardinia World op-A"]
[Site "Orosei ITA"]
[Date "2024.05.02"]
[Round "7.30"]
[White "Atanasov, Anthony"]
[Black "Kanyamarala, Trisha"]
[Result "1-0"]
[WhiteElo "2407"]
[BlackElo "2285"]
[PlyCount "105"]
[EventDate "2024.04.27"]
[EventType "swiss"]
[EventRounds "9"]
[EventCountry "ITA"]
[Source "ChessMix "]
[SourceDate "2024.05.10"]

1. e4 c5 2. Nf3 d6 3. d4 cxd4 4. Nxd4 Nf6 5. Nc3 Nc6 6. h3 e5 7. Nf3 h6 8. Bc4
Be7 9. O-O O-O 10. Re1 a6 11. Nd5 Nxd5 12. Bxd5 Nb4 13. Bb3 Be6 14. c3 Nc6 15.
Bd5 Qd7 16. b3 Bd8 17. Ba3 Bc7 18. Qd3 Rab8 19. Rad1 Rfd8 20. c4 Ba5 21. Re2
Qe8 22. Qe3 Bc7 23. Rc2 Ne7 24. Bxe6 fxe6 25. Rcd2 Qc6 26. Nxe5 dxe5 27. Bxe7
Rxd2 28. Rxd2 Re8 29. Bc5 Bd8 30. Rd6 Qc8 31. Bb6 Be7 32. Rd1 Qc6 33. f3 Rc8
34. Kh1 Bg5 35. Qf2 Qe8 36. Rd3 Bd8 37. a4 Qe7 38. Be3 Bc7 39. Bc5 Qe8 40. Qd2
b5 41. cxb5 axb5 42. a5 Qc6 43. Be3 b4 44. Qxb4 Qa6 45. Rd7 Bd8 46. Kh2 Ra8 47.
Bb6 Bg5 48. Qc4 Bf4+ 49. g3 Qxc4 50. bxc4 Bc1 51. Rd8+ Rxd8 52. Bxd8 Kf7 53.
Bb6 1-0

[Event "Sardinia World op-A"]
[Site "Orosei ITA"]
[Date "2024.05.03"]
[Round "8.22"]
[White "Perossa, Nicolas"]
[Black "Atanasov, Anthony"]
[Result "0-1"]
[WhiteElo "2269"]
[BlackElo "2407"]
[PlyCount "66"]
[EventDate "2024.04.27"]
[EventType "swiss"]
[EventRounds "9"]
[EventCountry "ITA"]
[Source "ChessMix "]
[SourceDate "2024.05.10"]

1. e4 e5 2. Nf3 Nc6 3. Bc4 Nf6 4. d3 h6 5. O-O d6 6. a4 g5 7. c3 Bg7 8. a5 a6
9. Qb3 O-O 10. Be3 Nh5 11. Rd1 Nf4 12. d4 g4 13. Ne1 Qf6 14. Bf1 Re8 15. d5 Ne7
16. c4 Qg6 17. Nd2 f5 18. c5 fxe4 19. cxd6 cxd6 20. Nc4 Nf5 21. Nb6 Rb8 22.
Nxc8 Rexc8 23. Ba7 Nd4 24. Rxd4 exd4 25. Bxb8 Rxb8 26. Bxa6 d3 27. Qb4 g3 28.
hxg3 Ne2+ 29. Kf1 Bd4 30. Bxd3 exd3 31. Nf3 Qh5 32. Nh4 Nxg3+ 33. Ke1 Qe2# 0-1

[Event "Sardinia World op-A"]
[Site "Orosei ITA"]
[Date "2024.05.04"]
[Round "9.10"]
[White "Atanasov, Anthony"]
[Black "Sivuk, Vitaly"]
[Result "0-1"]
[WhiteElo "2407"]
[BlackElo "2551"]
[PlyCount "92"]
[EventDate "2024.04.27"]
[EventType "swiss"]
[EventRounds "9"]
[EventCountry "ITA"]
[Source "ChessMix "]
[SourceDate "2024.05.10"]

1. e4 c5 2. Nf3 d6 3. Nc3 Nf6 4. d4 cxd4 5. Nxd4 a6 6. a3 g6 7. h3 b5 8. a4 b4
9. Nd5 Nxd5 10. exd5 Bb7 11. Bc4 Bg7 12. O-O O-O 13. a5 Nd7 14. Ra4 Nc5 15.
Rxb4 Qxa5 16. c3 Qc7 17. Re1 a5 18. Rb5 Ba6 19. Nc6 e5 20. Rxc5 dxc5 21. Qa4
Bb7 22. Bb5 Rfc8 23. Be3 Bf8 24. Bd2 Bxc6 25. Bxc6 Rab8 26. b3 Qb6 27. Rb1 Rc7
28. c4 Ra7 29. Bc3 Bd6 30. Qa2 Qd8 31. Qc2 Qh4 32. Re1 Re7 33. Re4 Qh5 34. Bxa5
f5 35. Re1 e4 36. b4 e3 37. Rxe3 Rxe3 38. fxe3 Qg5 39. Qc3 cxb4 40. Qd4 Qe7 41.
Kf1 Be5 42. Qd3 b3 43. Ba4 Qa3 44. d6 Qxd6 45. Qb1 b2 46. Be1 Qc5 0-1

[Event "CAN-ch"]
[Site "Toronto CAN"]
[Date "2024.03.27"]
[Round "1.6"]
[White "Lin, Leo"]
[Black "Atanasov, Anthony"]
[Result "0-1"]
[WhiteElo "2153"]
[BlackElo "2407"]
[PlyCount "34"]
[EventDate "2024.03.27"]
[EventType "swiss"]
[EventRounds "10"]
[EventCountry "CAN"]

1. e4 e5 2. Nf3 Nf6 3. Nc3 Nc6 4. d4 Bb4 5. dxe5 Nxe4 6. Qd3 d5 7. exd6 O-O 8.
Bd2 Bf5 9. Nxe4 Bxe4 10. Qc4 Bxf3 11. gxf3 Re8+ 12. Be2 Bxd2+ 13. Kxd2 Qxd6+
14. Ke1 Nd4 15. Rd1 Nxf3+ 16. Kf1 Qxd1+ 17. Bxd1 Nd2+ 0-1

[Event "CAN-ch"]
[Site "Toronto CAN"]
[Date "2024.03.28"]
[Round "2.4"]
[White "Atanasov, Anthony"]
[Black "Xu, Daniel"]
[Result "1-0"]
[WhiteElo "2407"]
[BlackElo "2212"]
[PlyCount "125"]
[EventDate "2024.03.27"]
[EventType "swiss"]
[EventRounds "10"]
[EventCountry "CAN"]

1. d4 Nf6 2. c4 g6 3. Nc3 Bg7 4. e4 d6 5. Be2 O-O 6. Be3 e5 7. d5 Na6 8. h4 Nc5
9. Qc2 a5 10. h5 Ne8 11. g4 Bd7 12. Qd2 c6 13. hxg6 fxg6 14. Nh3 cxd5 15. Qxd5+
Ne6 16. O-O-O Kh8 17. c5 Rc8 18. Bc4 Rc6 19. Qd2 Nf6 20. Ng5 Nxg5 21. Bxg5 Bxg4
22. Be2 Bxe2 23. Qxe2 Rxc5 24. Kb1 Qd7 25. Qd2 Rc6 26. Bxf6 Rxf6 27. Nd5 Rf8
28. Qg5 Qf7 29. Rxh7+ Kxh7 30. Rh1+ Kg8 31. Ne7+ Qxe7 32. Qxe7 Rxf2 33. Qe8+
Rf8 34. Qxg6 Rf6 35. Qe8+ Rf8 36. Qe6+ Rf7 37. Rf1 Rcc7 38. a3 a4 39. Rg1 Rc6
40. Rf1 Rcc7 41. Ka2 Rce7 42. Qc8+ Bf8 43. Qc4 Rc7 44. Rg1+ Bg7 45. Qxa4 Kf8
46. Qa8+ Ke7 47. Qb8 Kd7 48. Rg3 Bh6 49. Qg8 Ke7 50. Rh3 Bf8 51. Rd3 Rf6 52.
Qd5 Ke8 53. a4 Rg6 54. Rb3 Rgg7 55. Qe6+ Kd8 56. Rf3 Be7 57. Rh3 Rc6 58. Rh8+
Kc7 59. Rc8+ Kb6 60. Ra8 Bg5 61. a5+ Kc5 62. Qd5+ Kb4 63. Rb8 1-0

[Event "CAN-ch"]
[Site "Toronto CAN"]
[Date "2024.03.28"]
[Round "3.3"]
[White "Dorrance, Adam"]
[Black "Atanasov, Anthony"]
[Result "0-1"]
[WhiteElo "2276"]
[BlackElo "2407"]
[PlyCount "150"]
[EventDate "2024.03.27"]
[EventType "swiss"]
[EventRounds "10"]
[EventCountry "CAN"]

1. d4 d5 2. c4 e6 3. Nc3 Be7 4. Nf3 Nf6 5. g3 O-O 6. Bg2 dxc4 7. Ne5 Qd6 8.
Nxc4 Qa6 9. Qb3 Nc6 10. e3 Rb8 11. a4 b5 12. Nxb5 Bd7 13. O-O Nxd4 14. exd4
Bxb5 15. axb5 Qxa1 16. Ne5 Bd6 17. Bc6 Qa5 18. Nc4 Qa6 19. Qd3 Qc8 20. Ne3 Kh8
21. Bd2 Ng8 22. Ra1 Ne7 23. Rxa7 Nxc6 24. bxc6 Rxb2 25. Nc4 Qb8 26. Ra5 Rb3 27.
Qe4 Rb5 28. Nxd6 cxd6 29. c7 Qb7 30. Qxb7 Rxb7 31. Bf4 Rxc7 32. Bxd6 Rc1+ 33.
Kg2 Rfc8 34. Bf4 Rd1 35. Be3 h6 36. h4 Kh7 37. Ra7 Kg6 38. Ra6 Rc3 39. Rb6 Rdd3
40. Ra6 h5 41. Rb6 Rb3 42. Ra6 Ra3 43. Rb6 Rdb3 44. Rc6 Rxe3 45. fxe3 Rxe3 46.
d5 Kf5 47. Kf2 Rd3 48. dxe6 fxe6 49. Rc4 e5 50. Ra4 g6 51. Rb4 Rd4 52. Rb6 Ra4
53. Rc6 Ra2+ 54. Ke3 Ra3+ 55. Kf2 Ra2+ 56. Ke3 Rb2 57. Ra6 Rb5 58. Kf3 e4+ 59.
Ke3 Rb3+ 60. Kf2 Rb2+ 61. Ke3 Rb5 62. Rd6 Ra5 63. Rb6 Ra3+ 64. Kf2 Ra2+ 65. Ke3
Ra5 66. Rd6 Ra3+ 67. Kf2 Rf3+ 68. Kg2 Rd3 69. Ra6 Rd2+ 70. Kf1 Rb2 71. Rc6 Ra2
72. Rb6 Rd2 73. Ra6 e3 74. Ra4 Ke5 75. g4 Rd4 0-1

[Event "CAN-ch"]
[Site "Toronto CAN"]
[Date "2024.03.29"]
[Round "4.1"]
[White "Atanasov, Anthony"]
[Black "Thavandiran, Shiyam"]
[Result "1/2-1/2"]
[WhiteElo "2407"]
[BlackElo "2347"]
[PlyCount "57"]
[EventDate "2024.03.27"]
[EventType "swiss"]
[EventRounds "10"]
[EventCountry "CAN"]

1. e4 e6 2. d4 d5 3. Nc3 Nf6 4. Bg5 dxe4 5. Nxe4 Be7 6. Bxf6 gxf6 7. Nf3 a6 8.
g3 b5 9. Bg2 Bb7 10. Qe2 Nd7 11. O-O c5 12. a4 b4 13. Nh4 Qc7 14. dxc5 Nxc5 15.
c3 Nxe4 16. Bxe4 f5 17. Bxb7 Qxb7 18. Ng2 bxc3 19. bxc3 O-O 20. Nf4 Bf6 21. Nh5
Bxc3 22. Rac1 Bg7 23. Rc4 Rfc8 24. Rfc1 Rxc4 25. Qxc4 Qf3 26. Qh4 Qg4 27. Nf6+
Bxf6 28. Qxf6 Qxa4 29. Qg5+ 1/2-1/2

[Event "CAN-ch"]
[Site "Toronto CAN"]
[Date "2024.03.30"]
[Round "5.3"]
[White "Panjwani, Raja"]
[Black "Atanasov, Anthony"]
[Result "1-0"]
[WhiteElo "2468"]
[BlackElo "2407"]
[PlyCount "111"]
[EventDate "2024.03.27"]
[EventType "swiss"]
[EventRounds "10"]
[EventCountry "CAN"]

1. Nf3 d5 2. d4 Nf6 3. c4 e6 4. g3 Bb4+ 5. Bd2 Be7 6. Bg2 c6 7. Qc2 Nbd7 8. O-O
Ne4 9. Bf4 g5 10. Be3 Nd6 11. Nbd2 Nf5 12. Qd3 O-O 13. Rfd1 b6 14. Nf1 a5 15.
Rac1 Ba6 16. b3 b5 17. c5 b4 18. Qd2 Nxe3 19. Nxe3 f5 20. Nc2 g4 21. Nfe1 Bg5
22. e3 h5 23. f4 Be7 24. a3 bxa3 25. Ra1 Nf6 26. Rxa3 h4 27. Rxa5 hxg3 28. hxg3
Qc8 29. Rda1 Qb7 30. Nb4 Bb5 31. Qa2 Rxa5 32. Qxa5 Rb8 33. Qa7 Ne4 34. Bxe4
fxe4 35. Kf2 Kf7 36. Qxb7 Rxb7 37. Ra8 Rd7 38. Nec2 e5 39. fxe5 Ke6 40. Na3 Rb7
41. Nxb5 Rxb5 42. Nxc6 Rxb3 43. Nxe7 Rb2+ 44. Ke1 Kxe7 45. c6 Rc2 46. Ra7+ Ke8
47. c7 Kd7 48. Ra5 Rxc7 49. Rxd5+ Ke7 50. Rc5 Rb7 51. d5 Rb3 52. Kd2 Kd7 53.
Ra5 Kc7 54. d6+ Kc6 55. Ra4 Rd3+ 56. Ke2 1-0

[Event "CAN-ch"]
[Site "Toronto CAN"]
[Date "2024.03.30"]
[Round "6.6"]
[White "Atanasov, Anthony"]
[Black "Sai Krishna, GV."]
[Result "1/2-1/2"]
[WhiteElo "2407"]
[BlackElo "2404"]
[PlyCount "66"]
[EventDate "2024.03.27"]
[EventType "swiss"]
[EventRounds "10"]
[EventCountry "CAN"]

1. e4 e5 2. Nf3 Nc6 3. Nc3 Nf6 4. h3 Bc5 5. Nxe5 Nxe5 6. d4 Bd6 7. dxe5 Bxe5 8.
Bd3 O-O 9. O-O Re8 10. Bg5 c6 11. Qf3 d6 12. Rae1 Be6 13. Kh1 h6 14. Bd2 d5 15.
exd5 Bxd5 16. Nxd5 Qxd5 17. Qxd5 Nxd5 18. g3 b5 19. c3 Rad8 20. Be4 Re6 21. Re2
Bxg3 22. Rfe1 Bh4 23. Kg2 Nf6 24. Bf4 g5 25. Bc1 Nxe4 26. Rxe4 Rxe4 27. Rxe4
Rd1 28. Be3 a5 29. Re8+ Kh7 30. Bd4 Rd2 31. Re7 Kg8 32. Re8+ Kh7 33. Re7 Kg8
1/2-1/2

[Event "CAN-ch"]
[Site "Toronto CAN"]
[Date "2024.04.01"]
[Round "8.7"]
[White "Atanasov, Anthony"]
[Black "Lawson, Eric"]
[Result "1-0"]
[WhiteElo "2407"]
[BlackElo "2192"]
[PlyCount "119"]
[EventDate "2024.03.27"]
[EventType "swiss"]
[EventRounds "10"]
[EventCountry "CAN"]

1. e4 c5 2. Nf3 d6 3. Nc3 Nf6 4. d4 cxd4 5. Nxd4 a6 6. Nf3 e5 7. Bc4 Be7 8. Bg5
Be6 9. Bxf6 Bxf6 10. Bb3 O-O 11. O-O Be7 12. Qe2 Nd7 13. Rfd1 Rc8 14. Nd5 Nc5
15. c3 b5 16. Bc2 Bxd5 17. Rxd5 Qb6 18. Nd2 Bg5 19. g3 Bxd2 20. Qxd2 Rc6 21.
Rd1 Nb7 22. Bb3 g6 23. h4 Kg7 24. Kg2 h5 25. f4 f6 26. Rd3 Rc7 27. Rf3 Nc5 28.
Qf2 Rd7 29. f5 b4 30. fxg6 bxc3 31. bxc3 Qd8 32. Bd5 Kxg6 33. Rf5 Rh7 34. Rf1
Qe7 35. Kh2 Rh6 36. Rg1 Kg7 37. Qf3 Qe8 38. Rf1 Kh7 39. Rb1 Kg7 40. Rb2 Kg6 41.
Rg2 Kh7 42. Kg1 Kg7 43. g4 hxg4 44. h5 Kh8 45. Qxg4 Qd7 46. Qh4 Qh7 47. Qg3 Rb8
48. Qf3 Rb1+ 49. Kh2 Rb8 50. Kh3 Qd7 51. Kh2 Qh7 52. Rg3 Rb2+ 53. Kh3 Rd2 54.
Rxf6 Rxh5+ 55. Kg4 Rh4+ 56. Kg5 Qg7+ 57. Kxh4 Rh2+ 58. Rh3 Qh7+ 59. Kg5 Nxe4+
60. Bxe4 1-0

[Event "CAN-ch"]
[Site "Toronto CAN"]
[Date "2024.04.01"]
[Round "9.2"]
[White "Rodrigue-Lemieux, Shawn"]
[Black "Atanasov, Anthony"]
[Result "0-1"]
[WhiteElo "2519"]
[BlackElo "2407"]
[PlyCount "126"]
[EventDate "2024.03.27"]
[EventType "swiss"]
[EventRounds "10"]
[EventCountry "CAN"]

1. e4 e5 2. Nf3 Nf6 3. Nxe5 d6 4. Nf3 Nxe4 5. d4 d5 6. Bd3 Bd6 7. O-O O-O 8. c4
c6 9. Nc3 Nxc3 10. bxc3 dxc4 11. Bxc4 Bf5 12. Bg5 Qa5 13. Nh4 Be6 14. Bxe6 Qxg5
15. Nf3 Qa5 16. Bh3 Qc7 17. c4 Nd7 18. Rb1 Nf6 19. c5 Be7 20. Qb3 Rab8 21. Ne5
Bxc5 22. Nxf7 Rxf7 23. dxc5 Kh8 24. g3 Re7 25. Rfd1 Qe5 26. Qa3 Rf8 27. Bg2 Ng4
28. Rd2 h5 29. h3 Qg5 30. Rbd1 Re1+ 31. Rxe1 Qxd2 32. Qc1 Qxf2+ 33. Kh1 Nf6 34.
Re3 Qxa2 35. Ra3 Qf2 36. Kh2 Re8 37. Rf3 Qd4 38. Qg5 Re1 39. Bf1 Qb2+ 40. Kg1
Qd4+ 41. Kh2 b6 42. cxb6 axb6 43. Qf5 Qd2+ 44. Rf2 Qd6 45. Ra2 Re8 46. Ra4 b5
47. Rf4 Re5 48. Qc8+ Kh7 49. Rf3 Re8 50. Qf5+ Kg8 51. Bd3 Qe5 52. Qg6 Qb2+ 53.
Kg1 Re1+ 54. Bf1 Qd4+ 55. Kh2 Qb2+ 56. Kg1 Qe5 57. Rd3 Qc5+ 58. Kg2 Qc2+ 59.
Kg1 Qc5+ 60. Kg2 Nd5 61. h4 Qc2+ 62. Kg1 Qc5+ 63. Kg2 Qf8 0-1

[Event "CAN-ch"]
[Site "Toronto CAN"]
[Date "2024.04.02"]
[Round "10.2"]
[White "Atanasov, Anthony"]
[Black "Preotu, Razvan"]
[Result "1/2-1/2"]
[WhiteElo "2407"]
[BlackElo "2467"]
[PlyCount "66"]
[EventDate "2024.03.27"]
[EventType "swiss"]
[EventRounds "10"]
[EventCountry "CAN"]

1. d4 d5 2. Nf3 Nf6 3. c4 c6 4. e3 Bf5 5. Bd3 Bg6 6. Qc2 e6 7. Nbd2 Bxd3 8.
Qxd3 Be7 9. O-O O-O 10. e4 dxe4 11. Nxe4 c5 12. d5 exd5 13. Nxf6+ Bxf6 14. cxd5
Nc6 15. Rd1 Nd4 16. Nxd4 cxd4 17. Qf3 Be5 18. Bf4 f6 19. Qe4 Re8 20. Bxe5 fxe5
21. f4 Qf6 22. Rf1 Rad8 23. Rae1 exf4 24. Qxe8+ Rxe8 25. Rxe8+ Kf7 26. Re4 g5
27. Rd1 d3 28. Rxd3 Qxb2 29. Rdd4 Qb1+ 30. Kf2 Qxa2+ 31. Kg1 Qb1+ 32. Kf2 Qb2+
33. Kg1 Qc1+ 1/2-1/2

[Event "Titled Tuesday 2024.03.12 Late"]
[Site "chess.com INT"]
[Date "2024.03.12"]
[Round "2"]
[White "Firouzja, Alireza"]
[Black "Atanasov, Anthony"]
[Result "1-0"]
[WhiteElo "2760"]
[BlackElo "2407"]
[PlyCount "69"]
[EventDate "2024.03.12"]
[EventType "swiss (blitz)"]
[EventRounds "11"]
[EventCountry "NET"]
[Source "Mark Crowther"]
[SourceDate "2024.03.18"]

1. d4 d5 2. Bg5 h6 3. Bh4 c5 4. e3 Nc6 5. c3 Bf5 6. dxc5 g5 7. Bg3 e6 8. b4 Bg7
9. Bb5 Nge7 10. Nf3 a6 11. Ba4 Bxb1 12. Rxb1 Bxc3+ 13. Kf1 Nf5 14. Qd3 Bg7 15.
Be5 O-O 16. Bxg7 Kxg7 17. g4 Nh4 18. Nxh4 gxh4 19. Kg2 Ne5 20. Qe2 f5 21. f4
h3+ 22. Kxh3 Nxg4 23. Kg3 Kh7 24. h3 Nf6 25. Kh2 Ne4 26. Rbg1 Qh4 27. Rg2 Rg8
28. Rhg1 Rxg2+ 29. Qxg2 Qf6 30. Bd7 Kh8 31. Bxe6 Rf8 32. Bxd5 Nc3 33. Bxb7 Nxa2
34. Qxa2 Qe7 35. Qg2 1-0

[Event "Titled Tuesday 2024.02.27 Late"]
[Site "chess.com INT"]
[Date "2024.02.27"]
[Round "1"]
[White "Atanasov, Anthony"]
[Black "Martin Barcelo, Carles"]
[Result "1-0"]
[WhiteElo "2384"]
[BlackElo "2241"]
[PlyCount "175"]
[EventDate "2024.02.27"]
[EventType "swiss (blitz)"]
[EventRounds "11"]
[EventCountry "NET"]
[Source "Mark Crowther"]
[SourceDate "2024.03.04"]

1. d4 d5 2. Bf4 Nf6 3. e3 Bf5 4. c4 c6 5. Nc3 e6 6. Qb3 Qb6 7. c5 Qxb3 8. axb3
Nbd7 9. b4 Nh5 10. Bd6 Bxd6 11. cxd6 O-O 12. f3 Nhf6 13. g4 Bg6 14. g5 Ne8 15.
e4 dxe4 16. fxe4 Nxd6 17. Bg2 e5 18. O-O-O Rfd8 19. h4 Bh5 20. Bf3 Bxf3 21.
Nxf3 exd4 22. Rxd4 Nb5 23. Nxb5 cxb5 24. Rhd1 Rdc8+ 25. Kb1 Nb6 26. b3 Kf8 27.
Ne5 Rc7 28. h5 Re8 29. Rd8 Rce7 30. Rxe8+ Rxe8 31. h6 gxh6 32. gxh6 Rxe5 33.
Rd8+ Re8 34. Rd4 Ke7 35. e5 Rg8 36. Ka2 Rg6 37. Ka3 Rxh6 38. Rd2 Re6 39. Rh2
Rxe5 40. Rxh7 Ke6 41. Rh8 f5 42. Rb8 f4 43. Rxb7 f3 44. Rb8 f2 45. Re8+ Kd5 46.
Rf8 a5 47. bxa5 Na8 48. Rxf2 Nc7 49. Rf7 Na6 50. Ra7 Re6 51. Rb7 Kc5 52. Rf7
Rd6 53. Rf8 Nb4 54. Rc8+ Rc6 55. Rb8 Ra6 56. Rc8+ Rc6 57. Rf8 Nc2+ 58. Kb2 Kb4
59. Rf4+ Kxa5 60. Re4 Nb4 61. Ka3 Nd3 62. Rd4 b4+ 63. Ka2 Nc5 64. Rd8 Kb5 65.
Kb2 Rb6 66. Rc8 Rc6 67. Rh8 Na6 68. Rh5+ Rc5 69. Rh7 Nc7 70. Rh8 Nd5 71. Rb8+
Nb6 72. Rb7 Kc6 73. Rf7 Rc3 74. Rf8 Kb5 75. Rf5+ Rc5 76. Rf6 Nd5 77. Rf8 Ne3
78. Rb8+ Ka5 79. Ra8+ Kb6 80. Rb8+ Ka5 81. Ra8+ Kb5 82. Rb8+ Kc6 83. Rxb4 Rc2+
84. Ka3 Kc5 85. Rb8 Nd5 86. Rc8+ Kb5 87. Rxc2 Nb4 88. Rh2 1-0

[Event "Presidents Day GM"]
[Site "Santa Clara USA"]
[Date "2024.02.16"]
[Round "1.4"]
[White "Harsha Bharathakoti"]
[Black "Atanasov, Anthony"]
[Result "1-0"]
[WhiteElo "2565"]
[BlackElo "2384"]
[PlyCount "115"]
[EventDate "2024.02.13"]
[EventType "tourn"]
[EventRounds "9"]
[EventCountry "USA"]
[Source "ChessMix"]
[SourceDate "2024.02.20"]

1. d4 d5 2. c4 e6 3. Nf3 Nf6 4. Nc3 Be7 5. cxd5 exd5 6. Bf4 c6 7. h3 Bf5 8. g4
Bg6 9. Ne5 Qb6 10. Bc1 Bb4 11. Nxg6 hxg6 12. Bg2 Ne4 13. Qd3 f5 14. gxf5 gxf5
15. f3 Nd6 16. Bf4 O-O 17. a3 Bxc3+ 18. bxc3 Qd8 19. h4 Nc4 20. Kf2 Nd7 21. h5
Qe7 22. Rag1 Nf6 23. Bf1 Ne4+ 24. Kg2 Ng5 25. Rh2 Ne6 26. Bc1 Rf6 27. Kh1 Raf8
28. a4 Qc7 29. Qd1 b5 30. axb5 cxb5 31. Qe1 Kf7 32. e4 fxe4 33. fxe4 dxe4 34.
Qxe4 Nd6 35. Qg4 Ke8 36. Re2 Qc6+ 37. Bg2 Qc4 38. Rge1 Kf7 39. Re5 Re8 40. Bd5
Rf1+ 41. Kg2 Rxe1 42. Qf3+ Kg8 43. Rxe1 Qc8 44. Qg4 Qxc3 45. Rxe6 Kh8 46. Rxe8+
Nxe8 47. Bg5 Qc2+ 48. Kh3 Nd6 49. h6 Qf5 50. hxg7+ Kxg7 51. Bf4+ Qxg4+ 52. Kxg4
Nc8 53. Kf5 a5 54. Ke6 b4 55. Bb3 Nb6 56. Bc7 a4 57. Bxb6 axb3 58. d5 1-0

[Event "Presidents Day GM"]
[Site "Santa Clara USA"]
[Date "2024.02.16"]
[Round "2.2"]
[White "Atanasov, Anthony"]
[Black "Jiang, Lucas"]
[Result "1-0"]
[WhiteElo "2384"]
[BlackElo "2258"]
[PlyCount "53"]
[EventDate "2024.02.13"]
[EventType "tourn"]
[EventRounds "9"]
[EventCountry "USA"]
[Source "ChessMix"]
[SourceDate "2024.02.20"]
[TimeControl "5400+30"]

1. d4 {[%emt 0:00:02]} d5 {[%emt 0:00:14]} 2. Nf3 {[%emt 0:00:06]} Nf6 {
[%emt 0:00:06]} 3. Bf4 {[%emt 0:00:08]} g6 {[%emt 0:00:07]} 4. e3 {
[%emt 0:00:06]} Bg7 {[%emt 0:00:05]} 5. Nbd2 {[%emt 0:00:07]} O-O {
[%emt 0:00:08]} 6. c3 {[%emt 0:00:12]} c5 {[%emt 0:02:18]} 7. Be2 {
[%emt 0:00:02]} Nc6 {[%emt 0:01:39]} 8. dxc5 {[%emt 0:00:40]} Re8 {
[%emt 0:16:33]} 9. O-O {[%emt 0:06:08]} e5 {[%emt 0:03:26]} 10. Bg3 {
[%emt 0:00:02]} a5 {[%emt 0:04:27]} 11. Bb5 {[%emt 0:07:56]} Nd7 {
[%emt 0:07:14]} 12. Bh4 {[%emt 0:02:05]} Qc7 {[%emt 0:03:48]} 13. e4 {
[%emt 0:00:46]} Na7 {[%emt 0:02:11]} 14. Ba4 {[%emt 0:03:06]} Qxc5 {
[%emt 0:03:16]} 15. exd5 {[%emt 0:10:32]} b5 {[%emt 0:06:49]} 16. Ne4 {
[%emt 0:09:59]} Qb6 {[%emt 0:01:04]} 17. Bc2 {[%emt 0:02:55]} Bb7 {
[%emt 0:01:42]} 18. Bg5 {[%emt 0:01:38]} Nc8 {[%emt 0:07:14]} 19. Be3 {
[%emt 0:03:10]} Qc7 {[%emt 0:05:19]} 20. a4 {[%emt 0:08:48]} Nd6 {
[%emt 0:05:17]} 21. Nxd6 {[%emt 0:13:13]} Qxd6 {[%emt 0:00:06]} 22. axb5 {
[%emt 0:00:04]} Nb6 {[%emt 0:02:59]} 23. Ng5 {[%emt 0:04:35]} Qd8 {
[%emt 0:05:26]} 24. Qf3 {[%emt 0:06:31]} f6 {[%emt 0:05:13]} 25. Bb3 {
[%emt 0:02:07]} a4 {[%emt 0:10:29]} 26. d6+ {[%emt 0:03:54]} axb3 {
[%emt 0:00:06]} 27. Qxb7 {[%emt 0:00:04]} 1-0

[Event "Presidents Day GM"]
[Site "Santa Clara USA"]
[Date "2024.02.17"]
[Round "3.5"]
[White "Delgado Ramirez, Neuris"]
[Black "Atanasov, Anthony"]
[Result "0-1"]
[WhiteElo "2517"]
[BlackElo "2384"]
[PlyCount "96"]
[EventDate "2024.02.13"]
[EventType "tourn"]
[EventRounds "9"]
[EventCountry "USA"]
[Source "ChessMix"]
[SourceDate "2024.02.20"]

1. e4 e5 2. Nf3 Nf6 3. Nxe5 d6 4. Nf3 Nxe4 5. c4 Nc6 6. Nc3 Nxc3 7. dxc3 g6 8.
Bg5 Be7 9. Bh6 Bf8 10. Be3 Bg7 11. Be2 Bf5 12. O-O O-O 13. Qd2 Re8 14. Rad1 a5
15. a4 b6 16. Rfe1 Qc8 17. h3 Ne5 18. Nd4 Be4 19. Bh6 Qd8 20. Bf1 Bb7 21. Bg5
Bf6 22. Bxf6 Qxf6 23. f4 Nd7 24. Nb5 Rxe1 25. Rxe1 Rc8 26. b4 Nf8 27. Nd4 Ra8
28. f5 axb4 29. cxb4 Rxa4 30. Nb5 Qd8 31. Qh6 Bc6 32. Qd2 Bxb5 33. cxb5 Qf6 34.
Re8 gxf5 35. Rc8 Ra7 36. Qe3 Kg7 37. Qf2 Ng6 38. g3 Qe5 39. Kh2 h5 40. h4 Qe6
41. Qd4+ Ne5 42. Rb8 Ra2+ 43. Bg2 f4 44. Kg1 f3 45. Bf1 Qg4 46. Qf4 Qxf4 47.
gxf4 Ng4 48. Re8 Rh2 0-1